Tính toán tác động của các nguồn phát thải vùng gây ra đối với môi trường không khí tỉnh Vĩnh Long : Luận văn thạc sĩ chuyên ngành Vật lý lý thuyết và Vật lý Toán
Đề tài giới thiệu về hiệ trạng ô nhiễm không khí ở Tỉnh Vĩnh Long, mô hình hoá ô nhiễm không khí do các nguồn thải gây ra.
Sparad:
| Huvudupphovsman: | |
|---|---|
| Materialtyp: | Bok |
| Språk: | Undetermined |
| Publicerad: |
Cần Thơ
Trường Đại học Cần Thơ
2010
|
| Ämnen: | |
| Taggar: |
Lägg till en tagg
Inga taggar, Lägg till första taggen!
|
| Thư viện lưu trữ: | Trung tâm Học liệu Trường Đại học Cần Thơ |
|---|
| LEADER | 01092nam a2200217Ia 4500 | ||
|---|---|---|---|
| 001 | CTU_162439 | ||
| 008 | 210402s9999 xx 000 0 und d | ||
| 082 | |a 533.62 | ||
| 082 | |b Ch121 | ||
| 088 | |a 60440103 | ||
| 100 | |a Dương, Ngọc Chân | ||
| 245 | 0 | |a Tính toán tác động của các nguồn phát thải vùng gây ra đối với môi trường không khí tỉnh Vĩnh Long : | |
| 245 | 0 | |b Luận văn thạc sĩ chuyên ngành Vật lý lý thuyết và Vật lý Toán | |
| 245 | 0 | |c Dương Ngọc Chân ; Lê Thị Quỳnh Hà (Hướng dẫn khoa học) | |
| 260 | |a Cần Thơ | ||
| 260 | |b Trường Đại học Cần Thơ | ||
| 260 | |c 2010 | ||
| 520 | |a Đề tài giới thiệu về hiệ trạng ô nhiễm không khí ở Tỉnh Vĩnh Long, mô hình hoá ô nhiễm không khí do các nguồn thải gây ra. | ||
| 650 | |a Aerodynamics,Khí động lực học | ||
| 904 | |i Ngọc Quyền, Hải | ||
| 980 | |a Trung tâm Học liệu Trường Đại học Cần Thơ | ||